000 00284nam a2200133Ia 4500
100 _aShubin/John A
942 _cBK
654 _aBusiness
245 _aBusiness management
260 _bBarnes and Nobel
_aNew york
_c1958
082 _a658
_bSHU
300 _a372
546 _aENGLISH
999 _c30275
_d30275